[Event "Open"]
[Site "Eforie Nord ROU"]
[Date "2010.06.20"]
[Round "3"]
[White "Grunberg,M"]
[Black "Ciornei,D"]
[Result "1-0"]
[WhiteElo "2391"]
[BlackElo "2174"]

1.Nf3 Nf6 2.c4 g6 3.g3 Bg7 4.Bg2 O-O 5.O-O d6 6.d4 c6 7.Nc3 Nbd7 8.e4 e5
9.h3 exd4 10.Nxd4 Re8 11.Be3 Nc5 12.Qc2 a5 13.b3 Nfd7 14.Rad1 Qb6 15.Nde2 Qb4
16.Rxd6 a4 17.Rfd1 axb3 18.axb3 Bf8 19.R6d2 Ra3 20.Nc1 Nxb3 21.N3a2 Qa4 22.Nxb3 Rxb3
23.Rxd7 Bxd7 24.Rxd7 Ra8 25.Rd2 Ra3 26.Nc1 Bb4 27.Qxa4 R8xa4 28.Rd8+ Kg7
29.c5 Bc3 30.Kh2 Rc4 31.Rd7 Ba5 32.Nd3 Kf6 33.h4 h5 34.e5+  1-0

[Event "Open"]
[Site "Teplice CZE"]
[Date "2010.06.20"]
[Round "9"]
[White "Mojzis,Jar"]
[Black "Klakurka,S"]
[Result "1-0"]
[WhiteElo "2205"]
[BlackElo "1968"]

1.Nf3 Nf6 2.c4 g6 3.g3 Bg7 4.Bg2 O-O 5.O-O d6 6.d4 Nc6 7.d5 Na5 8.Nfd2 c5
9.Nc3 a6 10.Qc2 Bd7 11.b3 b5 12.Bb2 Rb8 13.Rae1 e5 14.dxe6 Bxe6 15.cxb5 axb5
16.Nce4 Nxe4 17.Nxe4 f5 18.Bxg7 Kxg7 19.Qc3+ Kg8 20.Nxd6 Qxd6 21.Qxa5 c4
22.bxc4 Bxc4 23.Rd1 Qb6 24.Qa3 b4 25.Qb2 Qf6 26.Rd2 Rb6 27.Rc1 Qxb2 28.Rxb2 Bf7
29.Rc6 Rfb8 30.f4 Rxc6 31.Bxc6 b3 32.axb3 Rxb3 33.Rd2 Rc3 34.Bf3 Rc7 35.Kf2 Re7
36.h3 h5 37.g4 hxg4 38.hxg4 Be6 39.Kg3 Kg7 40.Kh4 Kf6 41.Rd6 Rh7+ 42.Kg3 Rd7
43.Ra6 Ke7 44.Kh4 Kf6 45.e4 Kf7 46.Kg5 fxg4 47.Bxg4 Bxg4 48.Kxg4 Rd1 49.Ra7+ Ke6
50.Ra6+ Kf7 51.Ra3 Re1 52.Kf3 Rf1+ 53.Ke3 Re1+ 54.Kd4 Rd1+ 55.Ke5 Rd7 56.Ra6 Re7+
57.Kd5 Rd7+ 58.Rd6 Ra7 59.Rc6 Ra5+ 60.Kd6 Ra4 61.Rc7+ Kf8 62.Ke5 Ra6 63.Rd7 Ra4
64.Kf6 Ra6+ 65.Kg5 Re6 66.e5 Ra6 67.Rd6  1-0

[Event "Open"]
[Site "Eforie Nord ROU"]
[Date "2010.06.21"]
[Round "5"]
[White "Grunberg,M"]
[Black "Manolache,M"]
[Result "0-1"]
[WhiteElo "2391"]
[BlackElo "2527"]

1.Nf3 Nf6 2.c4 g6 3.g3 Bg7 4.Bg2 O-O 5.O-O c6 6.d4 d6 7.Nc3 Qa5 8.e4 Bg4
9.h3 Bxf3 10.Bxf3 Nbd7 11.Be3 c5 12.Rb1 cxd4 13.Bxd4 Rfc8 14.b4 Qc7 15.Be2 Ne8
16.Nb5 Qb8 17.Bg4 Rd8 18.Bxg7 Nxg7 19.Bxd7 Rxd7 20.Qd3 Qc8 21.Rfd1 Rd8 22.h4 a5
23.a3 axb4 24.axb4 Qh3 25.c5 Nh5 26.cxd6 exd6 27.Nxd6 Nf6 28.Qf3 Ng4 29.Qg2 Qxg2+
30.Kxg2 Ra2 31.Nxb7 Rxd1 32.Rxd1 Ne3+  0-1

[Event "Open"]
[Site "Eforie Nord ROU"]
[Date "2010.06.22"]
[Round "6"]
[White "Prodileanu,A"]
[Black "Dragomirescu,R"]
[Result "1/2-1/2"]
[WhiteElo "2170"]
[BlackElo "2381"]

1.c4 Nf6 2.g3 g6 3.Bg2 Bg7 4.Nf3 O-O 5.O-O d6 6.Nc3 e5 7.d3 h6 8.Rb1 a5 9.a3 Re8
10.Qc2 c6 11.b4 axb4 12.axb4 d5 13.Nd2 Be6 14.b5 Nbd7 15.Bb2 Nb6 16.Rfd1 Nfd7
17.bxc6 bxc6 18.Ra1 Qe7 19.Na4 Nxa4 20.Rxa4 Nc5 21.Raa1 Nd7 22.Rdc1 Reb8
23.Rxa8 Rxa8 24.cxd5 cxd5 25.Qc6 Rb8 26.Rc2 e4 27.Bxg7 exd3 28.exd3 Kxg7
29.Qc3+ Kh7 30.Rb2 Rxb2 31.Qxb2 Bf5 32.d4 Qe1+ 33.Nf1 Nf6 34.Qd2 Qe6  1/2-1/2

[Event "King's Gambit A"]
[Site "Lipetsk RUS"]
[Date "2010.06.25"]
[Round "3"]
[White "Lomako,P"]
[Black "Romanko,M"]
[Result "1/2-1/2"]
[WhiteElo "2431"]
[BlackElo "2411"]

1.c4 Nf6 2.Nf3 g6 3.g3 Bg7 4.Bg2 O-O 5.O-O c6 6.d4 d5 7.cxd5 cxd5 8.Ne5 e6
9.Nc3 Nfd7 10.Nxd7 Bxd7  1/2-1/2

[Event "ch-PAR"]
[Site "Asuncion URU"]
[Date "2010.06.27"]
[Round "7"]
[White "Vazquez,G"]
[Black "Latorre,Man"]
[Result "1/2-1/2"]
[WhiteElo "2084"]
[BlackElo "2300"]

1.Nf3 Nf6 2.c4 g6 3.g3 Bg7 4.Bg2 O-O 5.O-O d6 6.Nc3 e5 7.d3 Nc6 8.Rb1 a5
9.a3 Nd4 10.Bg5 h6 11.Bxf6 Bxf6 12.Nd2 Bg7 13.e3 Ne6 14.b4 axb4 15.axb4 e4
16.d4 f5 17.Qc2 h5 18.f3 h4 19.gxh4 Qxh4 20.fxe4 Ng5 21.Nf3 Qh6 22.Nxg5 Qxg5
23.Rf3 f4 24.exf4 Bxd4+ 25.Kh1 Rxf4 26.Rxf4 Qxf4 27.Nd5 Qg5 28.Qd3 Ra2 29.Qg3 Qxg3
30.hxg3 Be6 31.Nxc7 Bxc4 32.Rc1 Bf7 33.Nd5 Be5 34.Rc7 Bxg3 35.Rxb7 Be5 36.Bf1 Rh2+
37.Kg1 Rd2 38.Bc4 Bxd5  1/2-1/2

[Event "1st Open"]
[Site "Marrakesh MAR"]
[Date "2010.06.28"]
[Round "4"]
[White "Doncea,V"]
[Black "Valles,M"]
[Result "1/2-1/2"]
[WhiteElo "2465"]
[BlackElo "2242"]

1.Nf3 Nf6 2.c4 g6 3.g3 Bg7 4.Bg2 O-O 5.O-O d6 6.Nc3 Nbd7 7.Rb1 a5 8.a3 e5
9.d3 c6 10.b4 Re8 11.e4 Nf8 12.d4 exd4 13.Nxd4 Ne6 14.Nc2 h5 15.h3 h4 16.Ne2 hxg3
17.Nxg3 axb4 18.axb4 Nd7 19.f4 Qh4 20.Qg4 Qxg4 21.hxg4 Ra2 22.Ne3 Bd4 23.f5 Ng5
24.Rf2 Rxf2 25.Kxf2 Nf6 26.Ke2 gxf5 27.Nexf5 Bxf5 28.Nxf5 Nfxe4 29.Kd3 Bb6
30.Bxe4 Nxe4 31.Bf4 Nf2+ 32.Kc3 Re4 33.Bxd6 Nxg4 34.Ra1 Kh7 35.c5 Bd8 36.Ra7 Kg6
37.Ng3 Re3+ 38.Kd4 Bh4 39.Nf1  1/2-1/2

[Event "IsBank TCh-TUR"]
[Site "Konya TUR"]
[Date "2010.06.29"]
[Round "1"]
[White "Goksel,D"]
[Black "Genc,C"]
[Result "1-0"]
[WhiteElo "2253"]
[BlackElo "2205"]

1.Nf3 Nf6 2.c4 g6 3.g3 Bg7 4.Bg2 O-O 5.O-O d5 6.cxd5 Nxd5 7.d4 Nc6 8.e4 Nb6
9.d5 Na5 10.Nc3 c6 11.Qe2 cxd5 12.exd5 Nxd5 13.Nxd5 Qxd5 14.Qxe7 Bg4 15.Ng5 Qe5
16.Qb4 Be2 17.Re1 Qb5 18.Qh4 h6 19.Ne4 g5 20.Qh3 Bd3 21.Bd2 f5 22.Nd6 Qc5
23.Bxa5 Qxd6 24.Rad1 Rfe8 25.Rxe8+ Rxe8 26.Qh5 Re7 27.Qf3 Qa6 28.Qd5+ Kh7
29.Bd8  1-0

[Event "IsBank TCh-TUR"]
[Site "Konya TUR"]
[Date "2010.07.02"]
[Round "5"]
[White "Goksel,D"]
[Black "Yilmazyerli,M"]
[Result "0-1"]
[WhiteElo "2253"]
[BlackElo "2295"]

1.Nf3 Nf6 2.c4 g6 3.g3 Bg7 4.Bg2 O-O 5.O-O d6 6.d4 Nc6 7.Nc3 a6 8.h3 Rb8
9.e4 Bd7 10.e5 Ne8 11.Qe2 b5 12.cxb5 axb5 13.Rd1 b4 14.Nd5 Qc8 15.Kh2 f6
16.Bf4 fxe5 17.dxe5 e6 18.Ne3 dxe5 19.Bg5 e4 20.Nh4 Nd4 21.Rxd4 Bxd4 22.Ng4 Nd6
23.Be7 e5 24.Bxf8 Qxf8 25.Rc1 c5 26.Qa6 c4 27.Qa5 Bxg4 28.hxg4 Qf7 29.Rd1 c3
30.bxc3 bxc3 31.Qa6 Qd5 32.Qa4 Qb5 33.Qc2 Qb2 34.Bxe4 Nxe4 35.Qxe4 Qxf2+
36.Kh3 Kg7 37.Qc6 Rb2 38.Qd7+ Qf7 39.Rxd4 exd4 40.Qxd4+ Qf6 41.Qc4 Rb1 42.Qc7+ Kh6
43.g5+ Kxg5 44.Qc5+ Kh6 45.Qe3+ g5 46.Qe4 Qf1+ 47.Ng2 Qh1+ 48.Kg4 Qh5+  0-1

[Event "IsBank TCh-TUR"]
[Site "Konya TUR"]
[Date "2010.07.04"]
[Round "7"]
[White "Pantsulaia,L"]
[Black "Dogan,A"]
[Result "1-0"]
[WhiteElo "2587"]
[BlackElo "2109"]

1.Nf3 Nf6 2.c4 g6 3.g3 Bg7 4.Bg2 O-O 5.O-O d6 6.d4 Nbd7 7.Nc3 e5 8.h3 Re8
9.e4 exd4 10.Nxd4 Nc5 11.Re1 a5 12.Bf4 h6 13.Qc2 Nh7 14.Be3 Bd7 15.Rad1 Qc8
16.Kh2 Re5 17.Nd5 Nf6 18.Nxf6+ Bxf6 19.f4 Rh5 20.f5 gxf5  1-0

[Event "ch-SWE"]
[Site "Lund SWE"]
[Date "2010.07.08"]
[Round "6"]
[White "Eriksson,A"]
[Black "Grandelius,N"]
[Result "1/2-1/2"]
[WhiteElo "2311"]
[BlackElo "2505"]

1.Nf3 Nf6 2.c4 g6 3.g3 Bg7 4.Bg2 O-O 5.O-O d6 6.Nc3 Nc6 7.d3 e5 8.h3 Nd4
9.Nxd4 exd4 10.Nb5 Nd7 11.b3 Nc5 12.Rb1 c6 13.Na3 a5 14.Bb2 Bd7 15.Nc2 Ne6
16.f4 f5 17.Qe1 g5 18.e3 dxe3 19.Bxg7 Nxg7 20.Qxe3 gxf4 21.Qxf4 Qf6 22.Bf3 Rad8
23.Nd4 Rde8 24.Ne2 Re7 25.Rf2 Bc8 26.d4 Rfe8 27.d5 c5 28.Qd2 Re3 29.Kh2 b6
30.Nf4 Qe5 31.Ng2 f4 32.gxf4 Qf5 33.Nxe3 Qxf4+ 34.Kh1 Rxe3 35.Bg2 Qe5 36.Rbf1 Nh5
37.Rf8+ Kg7 38.Rxc8 Ng3+ 39.Kg1 Ne2+ 40.Kh1 Ng3+ 41.Kg1 Ne2+ 42.Kh1  1/2-1/2

[Event "38th TCh-GRE DivA"]
[Site "Peristeri GRE"]
[Date "2010.07.11"]
[Round "7"]
[White "Homatidis,P"]
[Black "Hristodoulou,P"]
[Result "1/2-1/2"]
[WhiteElo "2122"]
[BlackElo "2149"]

1.Nf3 Nf6 2.c4 g6 3.g3 Bg7 4.Bg2 O-O 5.O-O d6 6.Nc3 e5 7.d3 Nc6 8.Bg5 Nd4
9.Nd2 Nc6 10.Nf3 Nd4 11.Nd2 Nc6 12.Nf3 Nd4 13.Nd2  1/2-1/2

[Event "5th Nana Aleksandria Cup"]
[Site "Poti GEO"]
[Date "2010.07.11"]
[Round "1"]
[White "Maghalashvili,Da"]
[Black "Bibilashvili,L"]
[Result "1-0"]
[WhiteElo "2465"]
[BlackElo "2001"]

1.Nf3 Nf6 2.c4 g6 3.g3 Bg7 4.Bg2 O-O 5.O-O d6 6.d4 Nbd7 7.Nc3 e5 8.e3 Re8
9.b3 exd4 10.Nxd4 Nc5 11.Qc2 a5 12.Bb2 Bd7 13.a3 Qc8 14.b4 Ne6 15.Nb3 axb4
16.axb4 Rxa1 17.Rxa1 Ng5 18.Nd4 Bh3 19.Bh1 h5  1-0

[Event "3rd Open"]
[Site "Paracin SRB"]
[Date "2010.07.12"]
[Round "4"]
[White "Gavrilovic,L"]
[Black "Pancevski,F"]
[Result "1/2-1/2"]
[WhiteElo "2241"]
[BlackElo "2402"]

1.Nf3 Nf6 2.c4 g6 3.g3 Bg7 4.Bg2 O-O 5.O-O d6 6.Nc3 Nc6 7.d4 a6 8.h3 Rb8
9.a4 a5 10.e4 Nd7 11.Be3 e5 12.Re1 exd4 13.Nxd4 Nde5 14.b3 Nb4 15.Bf1 Re8
16.Rc1 c6 17.f4 Nd7 18.Nf3 Qc7 19.Bf2 Na6 20.Bd4 Bxd4+ 21.Qxd4 Nac5 22.Rb1 Ne6
23.Qf2 f6 24.h4 Ndc5 25.Red1 Qe7 26.h5 Nf8 27.hxg6 hxg6 28.Re1 Be6 29.Qd4 Rbd8
30.Nd5 cxd5 31.exd5 Qf7 32.dxe6 Nfxe6 33.Qc3 f5 34.Qxa5 Ne4 35.Kg2 N6c5 36.Ng5 Nxg5
37.fxg5 f4 38.Be2 Qf5 39.gxf4 Qxf4 40.Bf3 Qxg5+ 41.Kh1 Qf6 42.Rf1 Kg7 43.Qd2 Re5
44.b4 Rh8+ 45.Kg1 Qh4 46.Rf2 Rg5+ 47.Kf1 Qxc4+ 48.Qe2 Qxe2+ 49.Rxe2 Nxa4
50.Bxb7 Nc3 51.Re7+ Kf6 52.Rbe1 Rf5+ 53.Kg1 Rh4 54.R1e6+ Kg5 55.Rxd6 Rxb4
56.Ree6 Rxb7 57.Rxg6+ Kf4 58.Rdf6 Rb1+ 59.Kg2 Rb2+ 60.Kh3 Nd5 61.Rg4+ Ke5
62.Rxf5+ Kxf5 63.Ra4 Nc3 64.Ra8 Nd5 65.Rf8+ Kg5 66.Rg8+ Kf4 67.Rf8+ Ke3 68.Kg4 Rb7
69.Kh3 Rg7 70.Ra8 Kf4  1/2-1/2

[Event "ch-TUR w"]
[Site "Konya TUR"]
[Date "2010.07.13"]
[Round "8"]
[White "Sop,S"]
[Black "Menzi,N"]
[Result "1-0"]
[WhiteElo "1988"]
[BlackElo "1851"]

1.c4 Nf6 2.Nf3 g6 3.g3 Bg7 4.Bg2 O-O 5.O-O d6 6.Nc3 e5 7.d3 Nc6 8.Rb1 h6
9.b4 Be6 10.b5 Ne7 11.a4 Qd7 12.Re1 c6 13.bxc6 bxc6 14.Ba3 Qc7 15.Qd2 Rab8
16.a5 Nf5 17.Ne4 Nxe4 18.dxe4 Nd4 19.Nxd4 exd4 20.c5 dxc5 21.Bxc5 Rxb1 22.Rxb1 Rb8
23.Rxb8+ Qxb8 24.h4 Bc4 25.Bxd4 Bxd4 26.Qxd4 Bxe2 27.e5 Bb5 28.e6 fxe6 29.Qd7 Qe5
30.Qxa7 c5 31.Qa8+ Kg7 32.Qb7+  1-0

[Event "Int ch-SVK OpenA"]
[Site "Banska Stiavnica SVK"]
[Date "2010.07.14"]
[Round "5"]
[White "Vavrak,P"]
[Black "Konnyu,J"]
[Result "1/2-1/2"]
[WhiteElo "2467"]
[BlackElo "2353"]

1.Nf3 Nf6 2.c4 g6 3.g3 Bg7 4.Bg2 O-O 5.d4 d6 6.Nc3 Nbd7 7.O-O e5 8.Qc2 c6
9.Rd1 Re8 10.h3 Qe7 11.b3 exd4 12.Nxd4 Nc5 13.Ba3 Nfe4 14.Nxe4 Nxe4 15.Bb2  1/2-1/2

[Event "3rd Open"]
[Site "Paracin SRB"]
[Date "2010.07.14"]
[Round "7"]
[White "Lajthajm,B"]
[Black "Nikolov,Sas"]
[Result "0-1"]
[WhiteElo "2493"]
[BlackElo "2409"]

1.Nf3 g6 2.g3 Bg7 3.c4 Nf6 4.Bg2 O-O 5.O-O c6 6.Nc3 d6 7.d3 a6 8.Rb1 b5 9.Nd4 d5
10.cxd5 cxd5 11.Bf4 Bb7 12.Nb3 Nbd7 13.Qd2 Rc8 14.Rfc1 e5 15.Bg5 Qb6 16.Bh3 d4
17.Nd1 Qd6 18.Bxf6 Qd5 19.f3 Bxf6 20.Nf2 Be7 21.Na5 Ba8 22.Rxc8 Rxc8 23.Rc1 Rxc1+
24.Qxc1 Nc5 25.a3 Kg7 26.b4 Na4 27.Ne4 Qd8 28.Qc8 f5 29.Bxf5 gxf5 30.Qxf5 Qc7
31.Qg4+ Kh8 32.Qe6 Bxe4 33.dxe4 Qd6 34.Qc8+ Kg7 35.Nc6 Bf6 36.Qb7+ Kg6 37.Qxa6 Nc3
38.Kf2 Qe6 39.h4 Kh6 40.Kg2 Nxe2 41.Qxb5 Qa2 42.Kh3 Ng1+ 43.Kg4 Qe6+  0-1

[Event "Heini Olsen Memorial"]
[Site "Klaksvik FAI"]
[Date "2010.07.20"]
[Round "1"]
[White "Danielsen,Hen"]
[Black "Bekker Jensen,S"]
[Result "1-0"]
[WhiteElo "2512"]
[BlackElo "2425"]

1.c4 Nf6 2.Nf3 g6 3.g3 Bg7 4.Bg2 O-O 5.Nc3 d6 6.O-O c6 7.d4 Na6 8.e4 e5 9.h3 Qb6
10.b3 exd4 11.Na4 Qa5 12.Nxd4 Re8 13.Re1 Nc5 14.Bd2 Qa6 15.Nxc5 dxc5 16.Nc2 Nd7
17.f4 Bxa1 18.Qxa1 Qb6 19.Ne3 Nf8 20.f5 Qd8 21.Ng4 Qxd2 22.Nf6+ Kh8 23.Rd1 Qe3+
24.Kh2 Ne6 25.fxe6  1-0

[Event "Open A"]
[Site "Oberwart AUT"]
[Date "2010.07.21"]
[Round "9"]
[White "Holzer,G"]
[Black "Papp,T1"]
[Result "0-1"]
[WhiteElo "2208"]
[BlackElo "2330"]

1.c4 Nf6 2.Nf3 g6 3.g3 Bg7 4.Bg2 O-O 5.O-O d6 6.Nc3 e5 7.d4 exd4 8.Nxd4 Re8
9.e4 Nbd7 10.Nc2 a6 11.Ne3 Rb8 12.Qc2 Nc5 13.Bd2 b5 14.cxb5 axb5 15.b4 Ne6
16.Ne2 c5 17.Rad1 Nd4 18.Nxd4 cxd4 19.Nd5 Nxd5 20.exd5 Bf5 21.Qb3 Rc8 22.Rc1 Re2
23.Bf4 Bc2 24.Qf3 d3 25.Rxc2 Rexc2 26.Qxd3 Qd7 27.Re1 Rxa2 28.Bf1 Rb8 29.Qe4 Rb2
30.Re3 Bf8 31.Bg5 Qf5 32.Rf3 Rxb4 33.Rxf5 h6 34.Be3 Rb1 35.Kg2 Rxf1 36.Kxf1 b4
37.Bd4 b3  0-1

[Event "3rd Open"]
[Site "Paleochora GRE"]
[Date "2010.07.22"]
[Round "2"]
[White "Sulashvili,M"]
[Black "Korlotsidis,S"]
[Result "1-0"]
[WhiteElo "2498"]
[BlackElo "1988"]

1.Nf3 Nf6 2.c4 g6 3.g3 Bg7 4.Bg2 O-O 5.O-O d6 6.d4 Nc6 7.d5 Na5 8.Nfd2 c5
9.a3 Nd7 10.Ra2 Qc7 11.Qc2 b6 12.b4 cxb4 13.axb4 Nb7 14.Na3 a5 15.Nb5 Qb8
16.Bb2 axb4 17.Bxg7 Rxa2 18.Qxa2 Kxg7 19.Qb2+ Kg8 20.Nf3 Na5 21.Qxb4 Bb7
22.Bh3 Nc5 23.Na3 Bc8 24.Bg2 Ba6 25.Rb1 Qc7 26.Nd4 Nd7 27.Nc6 Re8 28.h4 e5
29.Nb5 Bxb5 30.cxb5 Nc5 31.Ra1 Nab7 32.Ra7 Qd7 33.Kh2 Qf5 34.Ra8 Rxa8 35.Ne7+ Kg7
36.Nxf5+ gxf5 37.Qd2 h6 38.Qc2 Kf6 39.Bh3 e4 40.Qb2+ Ke7 41.Bxf5  1-0

[Event "TCh-MNE Premier League"]
[Site "Cetinje MNE"]
[Date "2010.07.24"]
[Round "1"]
[White "Jakovljevic,Vlado"]
[Black "Tadic,Br"]
[Result "1-0"]
[WhiteElo "2383"]
[BlackElo "2543"]

1.Nf3 Nf6 2.c4 g6 3.g3 Bg7 4.Bg2 O-O 5.O-O d6 6.d4 c6 7.Nc3 Qb6 8.e3 Bf5
9.b3 Na6 10.Bb2 Rad8 11.Qe2 d5 12.Na4 Qa5 13.cxd5 Qxd5 14.Ne5 Qe6 15.Nxc6 Rc8
16.Rfc1 Be4 17.Nxa7 Rxc1+ 18.Rxc1 Bxg2 19.Kxg2 Nb4 20.Ba3 Nbd5 21.Nb5 Ra8
22.Nc5 Qc6 23.e4 Ra5 24.Na4 Qe6 25.Nc5 Qc6 26.exd5 Nxd5 27.Ne4 Qxb5 28.Rc8+ Bf8
29.Nf6+ Kg7 30.Qxb5 Rxb5 31.Nd7 Nb6 32.Nxb6 Rxb6 33.Bc5 Re6 34.Rb8 Re2 35.a4 Kf6
36.Rxf8  1-0

[Event "XIV Battle Of Senta"]
[Site "Senta SRB"]
[Date "2010.07.24"]
[Round "9"]
[White "Dudukovic,N"]
[Black "Marjanovic,Dej"]
[Result "1-0"]
[WhiteElo "2244"]
[BlackElo "2061"]

1.Nf3 Nf6 2.c4 g6 3.g3 Bg7 4.Bg2 O-O 5.O-O d6 6.Nc3 Nc6 7.d3 a5 8.Bd2 e5
9.a3 h6 10.Rb1 Be6 11.b4 axb4 12.axb4 e4 13.dxe4 Bxc4 14.b5 Ne5 15.Nd4 Nfd7
16.Rb4 Nb6 17.Qc1 Kh7 18.Nd5 Bxd5 19.exd5 Ned7 20.Nb3 Na4 21.Rh4 h5 22.Qc2 Kg8
23.Nd4 Bf6 24.Ne6 Qe7 25.Nxf8 Bxh4 26.Nxd7 Qxd7 27.gxh4 Nc5 28.Qb2 Qg4 29.Bh6  1-0

[Event "TCh-MNE Premier League"]
[Site "Cetinje MNE"]
[Date "2010.07.25"]
[Round "2"]
[White "Bogosavljevic,B"]
[Black "Arsovic,G"]
[Result "1/2-1/2"]
[WhiteElo "2551"]
[BlackElo "2434"]

1.Nf3 Nf6 2.c4 g6 3.g3 Bg7 4.Bg2 O-O 5.O-O d6 6.d4 Nc6 7.Nc3 Rb8 8.Re1 a6
9.Rb1 Na5 10.Qd3 b5 11.cxb5 d5 12.Qd1 Bf5 13.Ra1 axb5 14.Bf4 Nh5 15.Ne5 Nxf4
16.gxf4 c6 17.b4 Bxe5 18.dxe5 Nc4 19.e4 dxe4 20.Nxe4 Bxe4 21.Bxe4 Qb6 22.Qd7 e6
23.Qxc6 Qd4 24.Qc5 Qd2 25.a4 Qxf4 26.Bc6 bxa4 27.b5 Rfd8 28.Kh1 Nb6 29.Rad1 Nd5
30.Rd3 Qf5 31.Rg3 Qf4 32.Kg1 Nb6 33.Rf3 Qg4+ 34.Kh1 Nd5 35.Qa3 Qb4 36.Qc1 Qg4
37.Rg3 Qd4 38.Rf3 Qg4 39.Rd3 Qf5 40.Qd2 Kg7 41.Ra1 Qe4+ 42.Kg1 Qg4+ 43.Kh1 Qe4+
44.Kg1 Qg4+ 45.Kh1 Qe4+ 46.Kg1  1/2-1/2

[Event "TCh-MNE Premier League"]
[Site "Cetinje MNE"]
[Date "2010.07.26"]
[Round "3"]
[White "Jakovljevic,Vlado"]
[Black "Todorovic,J"]
[Result "1/2-1/2"]
[WhiteElo "2383"]
[BlackElo "2410"]

1.Nf3 Nf6 2.c4 g6 3.g3 Bg7 4.Bg2 O-O 5.O-O d6 6.d4 Nbd7 7.Nc3 e5 8.e4 exd4
9.Nxd4 Re8 10.h3 Nc5 11.Re1 Bd7 12.Rb1 Qc8 13.Kh2 h6 14.b3 Re5 15.f4 Re8
16.Bb2 c6 17.b4 Ne6 18.Nxe6 Bxe6 19.Qxd6 Bxc4 20.Qd2 Rd8 21.Qf2 a5 22.a3 axb4
23.axb4 Bd3 24.Rbd1 Qe6 25.e5 Ne8 26.Nd5 Bb5 27.f5 gxf5 28.Nf4 Qb3 29.Rxd8 Rxd8
30.Nh5 Qxb4 31.Bc1 Qd4 32.Qxf5 Bd3 33.Qf3 Bxe5 34.Bxh6 Bg6 35.Nf4 Bg7 36.Bg5 Bf6
37.Nxg6 Bxg5 38.Ne5 Bf6 39.Ng4 Bg7 40.Re7 Nd6 41.h4 Kf8 42.Re1 Re8 43.Rd1 Qc5
44.Nf6 Bxf6 45.Qxf6 Re6 46.Qh8+ Ke7 47.Qb8 Re2 48.Qc7+ Ke6 49.Rg1 Qe5 50.Kh1 Kf6
51.Qd8+ Kg7 52.Bf3 Rd2 53.Rg2 Rxg2 54.Kxg2 Ne4 55.Bxe4 Qxe4+ 56.Kh2 Qd5 57.Qe7 c5
58.g4 b5 59.g5 Qd4 60.Kg3 b4 61.h5 Qg1+ 62.Kh4 Qf2+ 63.Kg4 Qd4+ 64.Kf5 Qd5+
65.Kf4 Qd4+ 66.Kf5 Qd5+ 67.Kf4  1/2-1/2

[Event "ch-CRC"]
[Site "San Jose CRC"]
[Date "2010.07.26"]
[Round "1"]
[White "Valdes,Le"]
[Black "Alvarez Hernandez,D"]
[Result "1/2-1/2"]
[WhiteElo "2429"]
[BlackElo "1954"]

1.Nf3 Nf6 2.c4 g6 3.g3 Bg7 4.Bg2 O-O 5.Nc3 d6 6.d4 Nc6 7.O-O a6 8.Re1 Rb8
9.Rb1 e5 10.d5 Ne7 11.e4 a5 12.a3 c5 13.b4 cxb4 14.axb4 axb4 15.Rxb4 Nd7
16.Be3 Qa5 17.Qb1 Nc5 18.Bxc5 Qxc5 19.Na4 Qc7 20.c5 Bd7 21.cxd6 Qxd6 22.Nb6 Nc8
23.Nc4 Qc7 24.Rc1 Nd6 25.Ncxe5 Qd8 26.Rb6 Be8 27.Nc4 Nxc4 28.Rxc4 Ra8 29.Nd4 Ra1
30.Qxa1 Qxb6 31.Qd1 Bd7 32.Bf1 Ra8 33.Kg2 Ra2 34.Qb3  1/2-1/2

[Event "ch-AUT"]
[Site "Vienna AUT"]
[Date "2010.07.26"]
[Round "3"]
[White "Diermair,A"]
[Black "Freitag,Ma"]
[Result "1-0"]
[WhiteElo "2312"]
[BlackElo "2387"]

1.Nf3 Nf6 2.c4 g6 3.g3 Bg7 4.Bg2 O-O 5.Nc3 d6 6.d4 Nc6 7.O-O e5 8.d5 Ne7
9.e4 Ne8 10.Ne1 f5 11.Nd3 c6 12.Kh1 cxd5 13.cxd5 Kh8 14.f4 fxe4 15.Nxe4 exf4
16.Nxf4 Nc7 17.g4 Ng8 18.h3 Nh6 19.Be3 Nf7 20.Qd2 Ne5 21.Rac1 Qe7 22.Ng5 Bf6
23.Ne4 Bg7 24.b3 Ne8 25.Nd3 Rxf1+ 26.Rxf1 Nf7 27.Qf2 Kg8 28.Ng5 Bf5 29.gxf5 Nxg5
30.fxg6 hxg6 31.Bxg5 Qxg5 32.Qf7+ Kh7 33.Qxb7 Rd8 34.Nf4 Kh6 35.Ne6 Qh4 36.Rf4 Qe1+
37.Rf1 Qh4 38.Nxd8 Qxd8 39.Qxa7 Qg5 40.Qf2 Be5 41.Qf8+ Kh5 42.Qxe8 Qg3 43.Rf5+  1-0

[Event "XXXVI Open"]
[Site "Sitges ESP"]
[Date "2010.07.27"]
[Round "6"]
[White "Karlsson,L"]
[Black "Martinez Duany,L"]
[Result "1/2-1/2"]
[WhiteElo "2449"]
[BlackElo "2510"]

1.Nf3 g6 2.c4 Bg7 3.g3 Nf6 4.Bg2 O-O 5.Nc3 d6 6.d4 Nbd7 7.O-O e5 8.h3 c6
9.d5 c5 10.Ne1 Nh5 11.e4 Bf6 12.Nd3 Bg5 13.f4 Bf6 14.Qf3 exf4 15.gxf4 Bd4+
16.Be3 f5 17.exf5 Rxf5 18.Bxd4 cxd4 19.Ne2 Ne5 20.Nxe5 dxe5 21.Qd3 Nxf4 22.Nxf4 Rxf4
23.Rxf4 exf4 24.Rf1 Qf6 25.Rd1 Qg5  1/2-1/2

[Event "ch-AUT"]
[Site "Vienna AUT"]
[Date "2010.07.27"]
[Round "4"]
[White "Platzgummer,F"]
[Black "Ager,J"]
[Result "1-0"]
[WhiteElo "2351"]
[BlackElo "2213"]

1.Nf3 Nf6 2.c4 g6 3.g3 Bg7 4.Bg2 O-O 5.d4 c6 6.O-O d6 7.Nc3 Qa5 8.e4 Qh5
9.e5 Ne8 10.Bg5 f6 11.exf6 exf6 12.Bf4 g5 13.Bc1 Bg4 14.Qd3 Na6 15.a3 Nac7
16.d5 c5 17.Re1 Rf7 18.Bd2 h6 19.h4 Bf8 20.Nh2 Bd7 21.Bf3 g4 22.Bg2 f5 23.Ne2 Rh7
24.Nf4 Qf7 25.b4 b6 26.bxc5 bxc5 27.Rab1 Bg7 28.Ne6 Rc8 29.Rb7 Be5 30.Nxc5 dxc5
31.Rxe5 Qf6 32.Bc3 Qa6 33.d6 Qxd6 34.Bd5+  1-0

[Event "3rd Open"]
[Site "Paleochora GRE"]
[Date "2010.07.28"]
[Round "8"]
[White "Gonzalez Diaz,J"]
[Black "Tzouganakis,P"]
[Result "1/2-1/2"]
[WhiteElo "2262"]
[BlackElo "2095"]

1.Nf3 Nf6 2.g3 g6 3.Bg2 Bg7 4.c4 O-O 5.Nc3 d6 6.O-O Nc6 7.Rb1 e5 8.d3 a5
9.a3 h6 10.b4 axb4 11.axb4 Be6 12.b5 Ne7 13.Bb2 Nd7 14.Qc2 c6 15.Ra1 Rxa1
16.Rxa1 d5 17.Nd2 d4 18.Na4 Qc7 19.Qb3 Qa5 20.bxc6 bxc6 21.Qc2 Ra8 22.Nc3 Qd8
23.Rxa8 Qxa8 24.Na4 Qa5 25.Ba3 c5 26.Nf1 Bf8 27.Qb3 Nc8 28.h4 Ncb6 29.Nxb6 Nxb6
30.Bc1 Qb4 31.Qc2 Na4 32.Bd2 Nc3 33.Bxc3 Qxc3 34.Qa2 h5 35.Qa8 Qe1 36.Qe4 Bg7
37.Bf3 Bh3 38.Bg2 Bf5 39.Qa8+ Kh7 40.Qf3 f6 41.e3 e4 42.Qf4 exd3 43.exd4 Bh6
44.Qc7+ Bg7 45.Qf4 Bh6  1/2-1/2

[Event "ch-CRC"]
[Site "San Jose CRC"]
[Date "2010.07.28"]
[Round "3"]
[White "Valdes,Le"]
[Black "Murillo,Alex"]
[Result "1-0"]
[WhiteElo "2429"]
[BlackElo "2286"]

1.Nf3 Nf6 2.c4 g6 3.g3 Bg7 4.Bg2 O-O 5.Nc3 d6 6.O-O Nc6 7.d3 Nh5 8.Rb1 f5
9.Bd2 a5 10.a3 f4 11.b4 axb4 12.axb4 Bg4 13.Qc1 e5 14.e3 Qd7 15.Ne4 Rae8
16.b5 Nd8 17.Bb4 Nf7 18.Ra1 c6 19.bxc6 bxc6 20.Qa3 d5 21.cxd5 cxd5 22.Nc5 Qc8
23.Rac1 fxe3 24.fxe3 Bh6 25.Bd2 Qd8 26.Qa2 Nf6 27.e4 Bxd2 28.Nxd2 Qb6 29.Kh1 Rc8
30.exd5 Be2 31.Rxf6 Rxc5 32.Rxb6 Rxc1+ 33.Nf1 Bxf1 34.Rb1 Bxg2+ 35.Kxg2 Rxb1
36.Qxb1 Rd8 37.Qb7 h5 38.h4 Kg7 39.Kf3 Kf6 40.Ke3 Rd6 41.d4 exd4+ 42.Kxd4 Rd8
43.Qb6+ Kg7 44.Qb7 Kf6 45.Kc5 Kg7 46.Qb2+ Kh7 47.Qf6 Rd7 48.Qe6 Rb7 49.d6 Nxd6
50.Qxd6 Rf7 51.Qe6 Kg7 52.Kd5 Rf1 53.Qe5+ Kh7 54.Qc7+ Kh6 55.Qf4+ Rxf4 56.gxf4  1-0

[Event "ch-AUT"]
[Site "Vienna AUT"]
[Date "2010.07.29"]
[Round "6"]
[White "Kreisl,R"]
[Black "Schwarhofer,C"]
[Result "1/2-1/2"]
[WhiteElo "2373"]
[BlackElo "2236"]

1.Nf3 Nf6 2.c4 g6 3.g3 Bg7 4.Bg2 O-O 5.O-O d6 6.d4 c5 7.Nc3 Nc6 8.dxc5 dxc5
9.Be3 Qa5 10.Qb3 Ng4 11.Bd2 Nd4 12.Nxd4 cxd4 13.Qb5 Qxb5 14.Nxb5 Ne5 15.Nxd4 Nxc4
16.Bc3 Nd6 17.Rfd1 Bf6 18.e4 e5 19.Nc6 Nxe4 20.Bxe4 bxc6 21.Bxc6 Rb8 22.Re1 Rb6
23.Bd5 Be6 24.Rad1 Bxd5 25.Rxd5 Rc8 26.Re2 e4 27.Bxf6 Rxf6 28.Re5 Ra6 29.a3 f5
30.Re7 Rf8 31.Rc2 Rf7 32.Rxf7 Kxf7 33.Rc7+ Kf6 34.Rxh7 Rb6 35.Rxa7 Rxb2 36.h4 f4
37.gxf4 Kf5 38.Ra5+ Kxf4 39.Rg5 Rb3 40.Kg2 Rxa3 41.Rxg6 e3 42.fxe3+ Rxe3
43.h5 Re5 44.h6 Rh5 45.Ra6 Kg5 46.Kg3 Rxh6 47.Ra5+ Kf6 48.Ra6+ Kg5 49.Rxh6 Kxh6  1/2-1/2

[Event "ch-AUT"]
[Site "Vienna AUT"]
[Date "2010.07.29"]
[Round "6"]
[White "Denk,A"]
[Black "Lehner,O"]
[Result "0-1"]
[WhiteElo "2319"]
[BlackElo "2416"]

1.c4 Nf6 2.g3 g6 3.Bg2 Bg7 4.Nf3 O-O 5.O-O d6 6.Nc3 c6 7.d3 e5 8.Rb1 a5 9.a3 h6
10.b4 axb4 11.axb4 Re8 12.Bb2 d5 13.cxd5 cxd5 14.Ra1 Rxa1 15.Qxa1 d4 16.Nb5 Nc6
17.Rc1 Be6 18.Na7 Nxb4 19.Qa4 Na2 20.Rc5 Nc3 21.Bxc3 dxc3 22.Rxc3 Qb6 23.Nb5 Bd7
24.Rb3 Ng4 25.Qa7 Qc6 26.h3 Qc2 27.Rb4 Bf8 28.Rxg4 Bxg4 29.Qxb7 Re7 30.Qb8 Qb1+
31.Kh2 Bd7  0-1

[Event "Brunei Inv IM2"]
[Site "Bandar Seri Begawan BRU"]
[Date "2010.07.31"]
[Round "1"]
[White "Nguyen Van Huy"]
[Black "Ramnath,B"]
[Result "1/2-1/2"]
[WhiteElo "2426"]
[BlackElo "2387"]

1.Nf3 Nf6 2.c4 g6 3.g3 Bg7 4.Bg2 O-O 5.O-O d6 6.Nc3 c6 7.d3 Nbd7 8.Bd2 a5
9.a3 e5 10.Qc2 Re8 11.Rab1 Nf8 12.b4 axb4 13.axb4 Bf5 14.b5 d5 15.bxc6 bxc6
16.cxd5 cxd5 17.Bg5 Ne6 18.Bxf6 Bxf6 19.e4 dxe4 20.dxe4 Bg4 21.Nd5 Bxf3 22.Bxf3 Nd4  1/2-1/2

[Event "TCh-MNE Premier League"]
[Site "Cetinje MNE"]
[Date "2010.07.31"]
[Round "8"]
[White "Jakovljevic,Vlado"]
[Black "Arsovic,G"]
[Result "1/2-1/2"]
[WhiteElo "2383"]
[BlackElo "2434"]

1.Nf3 Nf6 2.c4 g6 3.g3 Bg7 4.Bg2 O-O 5.O-O d6 6.d4 c6 7.Nc3 Qb6 8.e3 Qa6
9.b3 b5 10.Nd2 Bb7 11.Bb2 Nbd7 12.a4 bxc4 13.Nxc4 c5 14.d5 Nb6 15.Nxb6 Qxb6
16.a5 Qc7 17.a6 Bc8 18.Re1 Rb8 19.Bf1 e5 20.e4 Bd7 21.Nb1 Ng4 22.Nd2 f5 23.exf5 Bxf5
24.f3 Nf6 25.Nc4 Bh6 26.Bd3 Bd7 27.Bc3 Bb5 28.Na5 Bd7 29.Nc4 Bb5 30.Na5 Bd7
31.Nc4 Bb5  1/2-1/2